Catalog

Record Details

Catalog Search



Stand-in wife. #2 [Large Print] / Debbie Macomber.

Available copies

  • 1 of 1 copy available at LARL/NWRL Consortium. (Show)
  • 1 of 1 copy available at Northwest Regional Library.

Current holds

0 current holds with 1 total copy.

Show Only Available Copies
Location Call Number / Copy Notes Barcode Shelving Location Status Due Date
Karlstad LINK Site lp MAC (Text) 35500004740401 Main Available -

Record details

  • ISBN: 9781410422392 (alk. paper)
  • ISBN: 1410422399 (alk. paper)
  • Physical Description: 289 p. (large print) ; 23 cm.
  • Edition: Large print ed.
  • Publisher: Waterville, Me. : Thorndike Press, 2010, c1992.

Content descriptions

Summary, etc.:
Tragedy had shattered Paul Manning's whole world - ... Read More
Subject: Marriage > Fiction.
Genre: Love stories.
Large type books.
LDR 01677cam a22003378a 4500
001118072
003LARL_NWRL_CONSORTIUM
00520200615202202.0
008091113r20101992meu d 000 1 eng
020 . ‡a9781410422392 (alk. paper)
020 . ‡a1410422399 (alk. paper)
035 . ‡a(OCoLC)467925415
08200. ‡a813/.54 ‡222
1001 . ‡aMacomber, Debbie. ‡0(LARL_NWRL_CONSORTIUM)153727
24510. ‡aStand-in wife. ‡n#2 ‡h[Large Print] / ‡cDebbie Macomber.
250 . ‡aLarge print ed.
260 . ‡aWaterville, Me. : ‡bThorndike Press, ‡c2010, c1992.
300 . ‡a289 p. (large print) ; ‡c23 cm.
4900 . ‡aThose Manning Men ; ‡vbk. 2
520 . ‡aTragedy had shattered Paul Manning's whole world - leaving him a grieving widower with three small children. Reeling from shock and grief Paul turns in desperation to the one person he knew he could count on: gentle caring Leah Baker. Slowly Leah eased his sorrow and filled his life with new meaning. Then Paul made an amazing discovery: he needed Leah and he wanted more than a stand-in wife. (Bestseller)
650 0. ‡aMarriage ‡vFiction. ‡0(LARL_NWRL_CONSORTIUM)166003
655 7. ‡aLove stories. ‡2gsafd
655 0. ‡aLarge type books.
901 . ‡a118072 ‡bOCLC ‡c118072 ‡tbiblio

Additional Resources